| 000 | 00490nam a22001817a 4500 | ||
|---|---|---|---|
| 003 | BUBTL | ||
| 008 | 200809b xxu||||| |||| 00| 0 eng d | ||
| 020 | _a978-81-203-4539-3 | ||
| 082 | _a336/KEP | ||
| 100 |
_aKennedy, M. Maria John _93323 |
||
| 245 |
_aPublic Finance _bM.Maria John Kennedy |
||
| 300 |
_a[xx] , 344p . : _bill . ; 24cm . |
||
| 500 | _aIncludes Index | ||
| 650 |
_aFinance _93324 |
||
| 856 |
_k0 _l0 _yDownload |
||
| 942 |
_2ddc _cBK |
||
| 999 |
_c6324 _d6324 |
||